Państwa według jednej podpowiedzi #2 - Statystyki

Ogólne statystyki
  • Ten quiz został rozwiązany 27 razy
  • Średni wynik to 11 z 20
Statystyki odpowiedzi
Podpowiedź Odpowiedź % Poprawnych
To państwo jest największym eksporterem bursztynu na świecie Polska
100%
Jest jedynym państwem gdzie językiem urzędowym jest łacina Watykan
86%
W tym państwie wybudowano replikę Paryża Chiny
82%
Jest państwem o najniższej gęstości zaludnienia Mongolia
77%
Jest jedynym państwem na świecie zaczynającym się na literę V Vanuatu
77%
Jest największym państwem bez dostępu do morza Kazachstan
73%
Graniczy z Gwatemalą i Hondurasem Salwador
73%
Jego stolicą jest Mińsk Białoruś
64%
Jest największym anglojęzycznym państwem na Karaibach Jamajka
64%
Stolicą i największym miastem tego państwa jest Aszchabad Turkmenistan
64%
W latach 1924-1984 w tym państwie było zabronione posiadanie psa Islandia
59%
W stolicy tego państwa znajduje się największy stadion świata Korea Północna
55%
Narodowym tańcem tego państwa jest czardasz Węgry
55%
To państwo jest znane na całym świecie z przepięknych plaż i lazurowych wód Malediwy
41%
Jest państwem w którym prawdopodobieństwo wystąpienia klęski żywiołowej jest najmniejsze na świecie Katar
36%
Jest najbardziej zbombardowanym państwem w historii Laos
36%
Wadi Muluja to najdłuższa rzeka w tym państwie Maroko
32%
Na granicy tego państwa i Demokratycznej Republiki Konga rozciąga się pasmo górskie Aszchabat Uganda
27%
Raper 50 cent jest znany w tym państwie jako "500 milionów dolarów" Zimbabwe
27%
By prowadzić samochód w tym państwie poziom alkoholu we krwi nie może przewyższyć 0,0‰. Armenia
18%
Nie znaleziono quizów pasujących do podanych kryteriów
Rozkład punktacji
Procent ludzi z każdym wynikiem
Percentyl według liczby udzielonych odpowiedzi
Twoja historia wyników
Nie rozwiązałeś tego quizu